Дело о пенсии коллежскому секретарю Михайлову

Доступно только в Электронных читальных залах Найти на картеНа карте
RUSMARC
00004012nmc2a22000003x 450
00167269447-2d1f-4418-b447-9464980682de
00520200225101708.0
100##$a20180628l18601861k l0rusy0189 ca
1010#$arus
102##$aRU
2001#$aДело о пенсии коллежскому секретарю Михайлову
$j2 июня 1860 г. - 20 апреля 1861 г.
251##$cДело
300##$aДело
300##$aОриг. заголовок дела: Дело о пенсии коллежскому регистратору Михайлову; $j=2 июня 1860 г. - 20 апреля 1861 г
801#0$aRU
$bРГИА
$c20180628
$gRCR
801#1$aRU
$bГлавНИВЦ
$c20180628
$2rusmarc
801#2$aRU
$bПБ им. Б.Н. Ельцина
$c20200225
$gRCR
$2rusmarc
850##$aРГИА
852##$aРГИА
$eФедеральное казенное учреждение "Российский государственный исторический архив" (РГИА)
$j230
937##$hРГИА
$d12281869
$aASBIBLIO_SCAN
462#0$10019cde5e7e-f7d4-43a0-a131-43769ce38be3
$12001
$aДела Департамента полиции исполнительной МВД за 1860 год
$1251
$cОпись
$1852
$j21
$l1860 г.
461#0$10013e300ed0-cd39-49af-8489-5ba5b90fa401
$12001
$aДепартамент полиции исполнительной МВД
$1251
$cФонд
$1852
$j1286
215##$a18 л.
$d36,5х26 см
371##$aДокумент не является опубликованным и широко распространяемым
105##$ay###
1222#$ad
5171#$aДело о пенсии коллежскому регистратору Михайлову; $j=2 июня 1860 г. - 20 апреля 1861 г
035##$a67269447-2d1f-4418-b447-9464980682de
856##$uhttp://readingroom.main.prlib.ru/item.aspx?id_node=n141503381&mode=full
Формат отображения